000 00585nam a2200193Ia 4500
008 240729s9999 xx 000 0 und d
022 _a2413-5003
245 4 _aThe Ukrainian Biochemical Journal
260 _aUkraine
260 _bNational Academy of Sciences of Ukraine, Palladin Institute of Biochemistry
650 _a Biochemistry | Medicine | Science
650 _a Biology (General)
650 _a Chemistry
650 _a Organic chemistry
650 _aScience
856 _uhttps://doaj.org/toc/7ec8ce4a1bcd4d62838965e9a9187657
942 _2ddc
942 _cDOAJEJ
999 _c73384
_d73384
945 _a1
_bMadushi Gamage
_c1
_dMadushi Gamage